Estatutos / Institución Sindical de Mutualidades
Descripción Física:
15 p. ; 16 cm
MARC
| LEADER | 00000nam a2200000Ia 4500 | ||
|---|---|---|---|
| 001 | 21437 | ||
| 003 | BGR | ||
| 005 | 20260410113642.0 | ||
| 008 | 160829s1939 xx 000 0 cat d | ||
| 080 | |a RF-12-66 | ||
| 110 | 2 | |a Institución Sindical de Mutualidades |9 71079 | |
| 245 | |a Estatutos / Institución Sindical de Mutualidades | ||
| 260 | |a Barcelona : |b Imprenta Borrás, |c 1939 | ||
| 300 | |a 15 p. ; |c 16 cm | ||
| 590 | |a Prové de A-206 | ||
| 650 | |a Institución Sindical de Mutualidades |x Reglaments i procediment |9 47706 | ||
| 650 | 0 | |a Mutualitats |x Estatuts |9 25929 | |
| 856 | 4 | |u https://media.diba.cat/diba/fitxers/arxiu/fulletons/bib_21437_1939_baixa.pdf |y Accés lliure | |
| 856 | 4 | |u https://media.diba.cat/diba/fitxers/arxiu/fulletons/bib_21437_1939_baixa.pdf |y Accés lliure | |
| 900 | |a bib_21437_1939_baixa.pdf | ||
| 901 | |a Arxiu | ||
| 942 | |n 1 |2 udc |c MON | ||
| 952 | |0 0 |1 0 |4 0 |6 RF1266 |7 1 |9 54049 |a Arxiu |b Arxiu |d 2016-12-01 |l 0 |o RF-12-66 |p 21437 |r 2016-12-01 00:00:00 |w 2016-12-01 |y ARXIU | ||
| 999 | |c 57917 |d 57917 | ||